The faith of the Russian Evangelicals, (Record no. 47274)
[ view plain ]
| 000 -LEADER | |
|---|---|
| fixed length control field | 00755cam a2200265 4500 |
| 001 - CONTROL NUMBER | |
| control field | 2657433 |
| 005 - DATE AND TIME OF LATEST TRANSACTION | |
| control field | 20190806133026.0 |
| 008 - FIXED-LENGTH DATA ELEMENTS--GENERAL INFORMATION | |
| fixed length control field | 690707t19691964miu b 000 0 eng |
| 010 ## - LIBRARY OF CONGRESS CONTROL NUMBER | |
| LC control number | 71081037 |
| 040 ## - CATALOGING SOURCE | |
| Original cataloging agency | DLC |
| Transcribing agency | DLC |
| Modifying agency | DLC |
| 043 ## - GEOGRAPHIC AREA CODE | |
| Geographic area code | e-ur--- |
| 100 1# - MAIN ENTRY--PERSONAL NAME | |
| Personal name | Pollock, John, |
| Dates associated with a name | 1924-2012. |
| 245 14 - TITLE STATEMENT | |
| Title | The faith of the Russian Evangelicals, |
| Statement of responsibility, etc | by J. C. Pollock. |
| 260 ## - PUBLICATION, DISTRIBUTION, ETC. (IMPRINT) | |
| Place of publication, distribution, etc | Grand Rapids: |
| Name of publisher, distributor, etc | Zondervan Pub. House, |
| Date of publication, distribution, etc | [1969, c1964]. |
| 300 ## - PHYSICAL DESCRIPTION | |
| Extent | 190 p. ; |
| Dimensions | 21 cm. |
| 336 ## - CONTENT TYPE | |
| Content Type Term | text |
| 337 ## - MEDIA TYPE | |
| Media Type Term | unmediated |
| 338 ## - CARRIER TYPE | |
| Carrier Type Term | volume |
| 504 ## - BIBLIOGRAPHY, ETC. NOTE | |
| Bibliography, etc | Bibliography: p. 187-190. |
| 650 #0 - SUBJECT ADDED ENTRY--TOPICAL TERM | |
| Topical term or geographic name as entry element | Protestants |
| Geographic subdivision | Soviet Union. |
| 650 #0 - SUBJECT ADDED ENTRY--TOPICAL TERM | |
| Topical term or geographic name as entry element | Baptists |
| Geographic subdivision | Soviet Union. |
| 650 #0 - SUBJECT ADDED ENTRY--TOPICAL TERM | |
| Topical term or geographic name as entry element | Persecution |
| Geographic subdivision | Soviet Union. |
| 650 #0 - SUBJECT ADDED ENTRY--TOPICAL TERM | |
| Topical term or geographic name as entry element | Religion |
| Geographic subdivision | Russia |
| 942 ## - ADDED ENTRY ELEMENTS (KOHA) | |
| Source of classification or shelving scheme | Library of Congress Classification |
| Item type | Books |
| Withdrawn status | Lost status | Source of classification or shelving scheme | Damaged status | Not for loan | Home library | Current library | Shelving location | Date acquired | Inventory number | Total Checkouts | Full call number | Barcode | Date last seen | Price effective from | Koha item type |
|---|---|---|---|---|---|---|---|---|---|---|---|---|---|---|---|
| Library of Congress Classification | BSOP Library | BSOP Library | GC | 07/19/2019 | 6988 | BX4849 P76f | 00019305 | 07/19/2019 | 07/19/2019 | Books |
